Normal view
MARC view
Entry Personal Name
001 - CONTROL NUMBER
- control field: 8066
003 - CONTROL NUMBER IDENTIFIER
- control field: OSt
005 - DATE AND TIME OF LATEST TRANSACTION
- control field: 20110329145615.0
008 - FIXED-LENGTH DATA ELEMENTS
- fixed length control field: 110329|||a|||||| | ||| d
040 ## - CATALOGING SOURCE
- Original cataloging agency: OSt
- Transcribing agency: OSt
100 ## - HEADING--PERSONAL NAME
- Personal name: Farefare language - Texts.
670 ## - SOURCE DATA FOUND
- Source citation: Work cat.: (OSt)40160: Bible League of Ghana. 8064, Na'ayene Gonpaalom : , 1996.
